El pasajero : (Record no. 193602)

MARC details
000 -LEADER
campo de control de longitud fija 01723nam a2200409 i 4500
001 - NÚMERO DE CONTROL
campo de control 193602
003 - IDENTIFICADOR DE NÚMERO DE CONTROL
campo de control SpMaBN
005 - FECHA Y HORA DE LA ÚLTIMA TRANSACCIÓN
campo de control 20250522202112.0
007 - CAMPO FIJO DE DESCRIPCIÓN FÍSICA--INFORMACIÓN GENERAL
campo de control de longitud fija ta
008 - DATOS DE LONGITUD FIJA--INFORMACIÓN GENERAL
campo de control de longitud fija 180618s2016 sp a | |||| 000 0bspa
017 ## - NÚMERO DE COPYRIGHT O DE DEPÓSITO LEGAL
Número de copyright o de depósito legal PO 143-2016
Agencia que asigna Oficina Depósito Legal Pontevedra
035 ## - NÚMERO DE CONTROL DEL SISTEMA
Número de control de sistema (OCoLC)1055849705
040 ## - FUENTE DE CATALOGACIÓN
Centro catalogador/agencia de origen SpMaBN
Lengua de catalogación spa
Centro/agencia transcriptor SpMaBN
Normas de descripción rdc
080 ## - NÚMERO DE LA CLASIFICACIÓN DECIMAL UNIVERSAL
Número de la Clasificación Decimal Universal 929 Valle-Inclán, Ramón del
080 ## - NÚMERO DE LA CLASIFICACIÓN DECIMAL UNIVERSAL
Número de la Clasificación Decimal Universal 821.134.2-992"19"
080 ## - NÚMERO DE LA CLASIFICACIÓN DECIMAL UNIVERSAL
Número de la Clasificación Decimal Universal 913(460.115-28 Salnés)
100 1# - ENTRADA PRINCIPAL--NOMBRE DE PERSONA
Nombre de persona Charlín Pérez, Francisco X.,
Fechas asociadas al nombre 1963-
Relación aut
Número de control del registro de autoridad o número normalizado XX4812517
9 (RLIN) 234908
Término indicativo de función/relación Autor
245 13 - MENCIÓN DEL TÍTULO
Título El pasajero :
Resto del título cuaderno de viaje por el Salnés de Valle-Inclán /
Mención de responsabilidad, etc. Francisco X. Charlín Pérez
264 ## - PRODUCCIÓN, PUBLICACIÓN, DISTRIBUCIÓN, FABRICACIÓN Y COPYRIGHT
Producción, publicación, distribución, fabricación y copyright Vilanova de Arousa, (Pontevedra) :
Nombre del de productor, editor, distribuidor, fabricante Asociación de Amigos de Valle-Inclán,
Fecha de producción, publicación, distribución, fabricación o copyright 2016
300 ## - DESCRIPCIÓN FÍSICA
Extensión 286 páginas :
Otras características físicas ilustraciones (blanco y negro y color), 1 mapa (color) ;
Dimensiones 20 cm
336 ## - TIPO DE CONTENIDO
Término de tipo de contenido Texto (visual)
Fuente isbdcontent
337 ## - TIPO DE MEDIO
Nombre/término del tipo de medio sin mediación
Fuente isbdmedia
338 ## - TIPO DE SOPORTE
Fuente rdacarrier
Nombre/término del tipo de soporte volumen
500 ## - NOTA GENERAL
Nota general Índice
504 ## - NOTA DE BIBLIOGRAFÍA, ETC.
Nota de bibliografía, etc. Bibliografía: páginas 269-286
520 ## - RESUMEN, ETC.
Sumario, etc. Cuaderno de viaje por el Salnés de Valle-Inclán.
600 14 - PUNTO DE ACCESO ADICIONAL DE MATERIA--NOMBRE DE PERSONA
Nombre de persona Valle-Inclán, Ramón del,
Fechas asociadas al nombre 1866-1936-
Subdivisión general Viviendas y lugares frecuentados
9 (RLIN) 175714
650 #0 - PUNTO DE ACCESO ADICIONAL DE MATERIA--TÉRMINO DE MATERIA
Término de materia o nombre geográfico como elemento de entrada Rutas literarias-
Subdivisión geográfica Galicia
Fuente del encabezamiento o término embne
9 (RLIN) 234909
651 #7 - PUNTO DE ACCESO ADICIONAL DE MATERIA--NOMBRE GEOGRÁFICO
Nombre geográfico Pontevedra (Provincia)-
Subdivisión general Descripción
9 (RLIN) 153500
852 ## - LOCALIZACIÓN
Ubicación ES-MaACL
Sublocalización o colección R. 154895
Ubicación en estantería Depósito J
Número de control de estantería N-9608
Donativo/Legado Donación: Editorial
itemnumber 201064
Encuadernación Encuadernación rústica con solapas
942 ## - ELEMENTOS DE ENTRADA SECUNDARIOS (KOHA)
Suprimir en OPAC No
Tipo de ítem Koha Libro impreso
Holdings
Estatus retirado Estado de pérdida Fuente del sistema de clasificación o colocación Estado de daño No para préstamo Biblioteca de origen Biblioteca actual Ubicación en estantería Fecha de adquisición Fuente de adquisición Total de préstamos Signatura topográfica completa Código de barras Visto por última vez Tipo de ítem Koha
    Clasificación decimal universal     Biblioteca del Ateneo de Madrid Biblioteca del Ateneo de Madrid Depósito J 18/01/2024 Donación   N-9608 101206342 18/01/2024 Libro impreso